[Event "Pamplona 9697 7th"]
[Site "Pamplona"]
[Date "1996.??.??"]
[Round "5"]
[White "Cramling, Pia"]
[Black "Gulko, Boris F"]
[Result "1-0"]
[WhiteElo "2545"]
[BlackElo "2615"]
[Annotator "Stohl,I"]
[PlyCount "120"]
[EventDate "1996.12.??"]
[EventType "tourn"]
[EventRounds "9"]
[EventCountry "ESP"]
[EventCategory "13"]
[SourceTitle "CBM 057"]
[Source "ChessBase"]
[SourceDate "1997.04.01"]
[SourceVersion "1"]
[SourceVersionDate "1997.04.01"]
[SourceQuality "1"]

1. d4 e6 2. c4 b6 {This slightly irregular move order has already been around
for some time, it's first propagator being Miles in the late seventies.
Nowadays it has a theory of it's own, it's main exponents are currently
Speelman, Gulko and Kengis.} 3. a3 {This rather tame move can hardly threaten
Black's setup, as now it's possible to transpose to Queen's Indian positions. 
(E12)} ({White must look for a refutation in the sharp and principled lines
such as} 3. e4 $5 Bb7 4. Bd3 f5 5. exf5 $142 (5. Nc3 Bb4 6. d5 fxe4 7. Bxe4 Qh4
$1 8. Qe2 Nf6 9. Bf3 O-O 10. dxe6 Nc6 11. g3 (11. exd7 Nd4 $40) 11... Qd4 12.
Bd2 Ba6 13. exd7 Bxc4 14. Qe3 Qxd7 15. O-O-O Rae8 16. Qf4 Ne5 17. Qh4 Qe6 18.
Kb1 Bxc3 19. Bxc3 Bxa2+ 20. Ka1 Bb3 21. Re1 b5 22. Rxe5 Qa6+ 23. Kb1 Qa2+ 24.
Kc1 Rxe5 25. Bxe5 Rd8 26. Bd4 Qa1+ 27. Kd2 Qxb2+ 28. Ke3 Qc1+ {0-1,Marchand,
F-Gulko,B/Geneva op/1997/}) 5... Bb4+ 6. Kf1 Nf6 7. c5 bxc5 8. a3 c4 9. Bxc4
Ba5 10. fxe6 dxe6 11. Qb3 O-O 12. Ne2 Ne4 13. Nf4 Nxf2 14. Kxf2 Qxd4+ 15. Kg3
Bb6 16. Rf1 g5 17. Bxe6+ Kg7 18. Nh5+ Kh6 19. Nf4 Na6 20. h4 gxf4+ 21. Bxf4+
Rxf4 22. Rxf4 Qe5 23. Qc3 $16 {Kragelj,I-Schneider Zinner,H/Feldbach op/1997/})
3... Bb7 4. Nc3 f5 (4... Nf6 5. d5 $5 (5. Nf3 {-E12}) 5... exd5 6. cxd5 b5 $5
7. e4 b4 8. axb4 Bxb4 9. Bd3 c6 10. dxc6 Nxc6 11. Nf3 O-O 12. O-O Bxc3 13. bxc3
d5 14. e5 Ne4 15. Qc2 Re8 16. Bxe4 dxe4 17. Qxe4 Na5 18. Qb4 Bxf3 19. Qxa5 Be2
20. Re1 Bc4 21. Be3 a6 22. Bd4 Qxa5 23. Rxa5 Reb8 24. h3 Rb5 25. Rea1 $14 {
_|_^-,Baburin,A-Speelman,J/Copenhagen PC/1996/}) 5. d5 {The main move.} (5. f3
Nf6 6. e3 Be7 7. Bd3 c5 8. Nge2 Nc6 9. O-O O-O 10. b3 Bd6 11. Bc2 Qb8 12. h3
Ne7 13. Kh1 Ng6 14. Rb1 cxd4 15. exd4 Qd8 16. Be3 Rc8 17. Qd2 Bb8 18. c5 Qe8
19. b4 Nh4 20. Rf2 h6 21. Bf4 Bxf4 $132 {1/2,Piket,Je-Adams,M/Linares/1997/})
5... Nf6 6. g3 Na6 7. Bg2 Nc5 8. Nh3 Bd6 9. O-O (9. Qc2 Be5 10. Nf4 O-O 11. O-O
{only transposes into the same positions.}) 9... Be5 10. Qc2 {A critical
moment for the evaluation of the whole line. As Black's results after quiet
play have been satisfactory, maybe this is the place, where White should act.}
({An interesting try is} 10. Nb5 $5 O-O (10... a6 11. f4 Bxb2 12. Nxc7+ Qxc7
13. Bxb2 O-O 14. Nf2 exd5 15. cxd5 Rae8 16. a4 d6 17. Rb1 Re3 18. Qd2 Qe7 19.
Be5 Rxe5 20. fxe5 Qxe5 21. Rxb6 Bxd5 22. Rd1 Nxa4 23. Rxa6 Nc5 24. Bxd5+ Nxd5
25. Rc6 $16 {Aleksandrov,A-Matveeva,S/St.Petersburg op/1994/}) 11. f4 (11. Bf4
d6 12. Bxe5 dxe5 13. b4 Nce4 14. dxe6 Qe7 15. Qc2 a6 16. Nc3 Qxe6 17. Nxe4 fxe4
18. Ng5 Qg4 19. Nh3 a5 20. Rad1 Qh5 21. f3 axb4 22. axb4 Ra3 $44 {Shneider,
A-Lempert,I/St.Petersburg op/1993/}) 11... Bd6 12. Nf2 $5 $14) 10... O-O 11.
Be3 $146 (11. Bd2 exd5 12. Nxd5 Nxd5 13. cxd5 Qf6 14. Bg5 Qf7 15. Bf4 Bxf4 16.
Nxf4 g5 17. Nh3 h6 18. b4 Ne4 19. Qxc7 Bxd5 20. Rad1 Qe6 21. Qc1 Rac8 22. Qe3
Nc3 $11 {Gurevich,M-Kengis,E/Bonn GSK-3/1996/}) (11. Rd1 Qe7 12. Be3 Nce4 13.
Nxe4 Nxe4 14. Rac1 c5 15. dxe6 dxe6 16. Bf4 Bf6 17. Rd3 e5 18. Be3 g5 19. Rcd1
Rad8 20. Rxd8 Rxd8 21. Rxd8+ Qxd8 22. Qd3 h6 23. g4 Qxd3 24. exd3 Nd6 25. Bxb7
Nxb7 26. f3 e4 $1 $17 {[%csl Ra3,Rb2,Rc4] ׫_|_,Sher,M-Lempert,I/Erevan op/
1996/}) (11. Nf4 Qe7 12. Be3 Nce4 13. Nxe4 Nxe4 14. Rad1 c5 (14... a5 $5 15.
Bc1 Rae8 16. Kh1 Qf7 17. dxe6 dxe6 18. Nd3 Bd6 19. b4 axb4 20. axb4 c5 21. bxc5
bxc5 22. Bb2 Qc7 23. f3 Nf6 24. Qc3 e5 $132 {Franic,M-Doric,N/CRO-ch Porec/
1994/}) 15. Bc1 g5 16. Nd3 Bd4 17. e3 Bg7 18. f3 Nd6 19. e4 Bd4+ 20. Kh1 g4 21.
exf5 gxf3 22. Bxf3 Rxf5 23. Nf4 Raf8 24. Bg2 exd5 25. cxd5 Qg7 $13 {Naumkin,
I-Lempert,I/Moscow/1994/}) 11... Nce4 $1 {Black reacts well to White's new
move. Occupying the e4 outpost immediately enables him to develop his Q to the
active f6-square instead of e7.} 12. Nxe4 Nxe4 13. Rfd1 (13. Bxe4 $2 fxe4 14.
Qxe4 Bxb2 15. Ra2 (15. Ng5 Rf5 $17) 15... Bf6 $36 {Of course White can't
exchange his important B if he doesn't get any lasting advantage instead.}) (
13. Rad1 Qf6 14. b4 a5 $132 {[%cal Ga8a1] <->a}) 13... Qf6 14. Rab1 exd5 (14...
c5 $2 15. dxc6 $1 Bxc6 16. f3 Nc5 17. f4 Bxg2 18. Kxg2 $1 (18. fxe5 $2 Qxe5 19.
Bxc5 (19. Bf4 Be4 $19) 19... Be4 20. Bd4 Qxd4+ 21. Rxd4 Bxc2 22. Rc1 Ba4 $17)
18... Bc7 19. Bxc5 bxc5 20. Rxd7 $16) (14... a5 $6 15. f3 Nc5 16. f4 Bd6 17. b4
axb4 18. axb4 Ne4 19. c5 $36) 15. cxd5 Rae8 16. Qb3 Bd6 {Probably not
necessary.} ({Interesting was} 16... Kh8 $142 $5 17. f3 Nd6 {/\} 18. f4 $2 Bxb2
$1 19. Rxb2 Rxe3 $1 $17) 17. Rbc1 Qf7 18. Bf4 c5 (18... Bxf4 $5 19. Nxf4 c5 20.
h4 $13) 19. Ng5 $5 Qg6 20. Nxe4 fxe4 (20... Bxf4 $142 21. Nd2 $142 $1 (21. Nxc5
$2 Bxc1 22. Nxd7 Rf7 $19) (21. gxf4 $6 {White's >> pawns are compromised and
he has no play in the center.} fxe4 $36 (21... Rxe4 $5)) 21... Bxd2 22. Rxd2 d6
$11) 21. Bxd6 Qxd6 22. Rc2 Kh8 $6 (22... Re5 $1 {[%cal Rb7d5] /\Bd5} 23. Rcd2
Rxf2 $1 24. Kxf2 e3+ 25. Qxe3 Rxe3 26. Kxe3 Qe5+ (26... Qh6+ 27. Kf2 Qxh2 $4
28. Rh1 $18) (26... Qf6 $5) 27. Kf2 d6 $11) 23. Qe3 Qe5 (23... Bxd5 $2 24. Rcd2
Re5 25. Bxe4 $1 Rxe4 26. Qxe4 $18) 24. Rcd2 d6 25. b4 {The pawn structure is
rather typical for this line, the weakness of the advanced outposts on d5 and
e4 is approximately balanced.} c4 $2 {A horrible mistake, which costs Black a
pawn and the game.} ({More careful moves lead to equality.} 25... Rf6 $5 $11) (
{or} 25... Re7 $11) 26. Rd4 $16 Ba6 (26... c3 27. Rxe4 Qh5 28. Rxe8 Rxe8 29.
Qxc3 Qxe2 30. Bf3 $16) 27. Rxe4 Qh5 28. Bf3 Rxe4 29. Qxe4 Qf7 30. Qd4 Qe8 (
30... b5 $142 $16) 31. Rc1 h6 32. Rc3 Qg6 33. Rc1 $138 Qg5 34. Rc3 b5 (34...
Qg6 35. e4 {[%cal Yf3d1,Yd1c2,Rf2f4,Re4e5] /\Bd1-c2,f4,e5->[+]}) 35. Qxa7 Qd2
36. Qe3 Qb2 37. Qc1 (37. Qe7 $143 $6 Rc8 $132) 37... Qa2 38. Rc2 Qb3 39. Rc3
Qa2 40. Kg2 Bc8 41. Rc2 (41. Qc2 $1 Qa1 42. e4 {[%csl Ra1] was even stronger,
with Black's Q cut off White wins easily.}) 41... Qb3 42. Rc3 Qa4 (42... Qa2
$142 $5) 43. Qe3 Bf5 44. Qe7 Rf6 45. e4 Bg6 46. e5 $18 Rxf3 (46... dxe5 47. d6
e4 48. d7 exf3+ 49. Rxf3 $18) 47. Rxf3 (47. Kxf3 $2 Qd1+ 48. Kg2 Be4+ 49. Kh3 (
49. f3 Qd2+ 50. Kh3 Bf5+ 51. g4 Qxc3 $11) 49... Qh5+ 50. Qh4 Qxe5 $44) 47...
Be4 48. exd6 Bxf3+ 49. Kxf3 Qd1+ 50. Kg2 (50. Kf4 $6 Qd4+ {helps Black.}) 50...
Qxd5+ 51. f3 Qf5 (51... Qd2+ 52. Kh3 $18) 52. d7 {Wins simply, but even faster
was} (52. g4 $5 Qc2+ 53. Kg3 $18) 52... Qc2+ 53. Kh3 Qf5+ 54. Kh4 g5+ 55. Kh5
Qxf3+ 56. Kxh6 Qc6+ 57. Kxg5 Qd5+ 58. Kg6 Qd3+ 59. Kf7 Qh7+ 60. Ke6 Qe4+ (60...
Qe4+ 61. Kd6 Qd4+ 62. Kc6 $18) 1-0

[Event "Hastings 9596"]
[Site "Hastings"]
[Date "1996.??.??"]
[Round "5"]
[White "Sadler, Matthew D"]
[Black "Luther, Thomas"]
[Result "1-0"]
[WhiteElo "2565"]
[BlackElo "2550"]
[Annotator "Stohl,I"]
[PlyCount "44"]
[EventDate "1995.12.??"]
[EventType "tourn"]
[EventRounds "9"]
[EventCountry "ENG"]
[EventCategory "13"]
[SourceTitle "CBM 051"]
[Source "ChessBase"]
[SourceDate "1996.04.01"]
[SourceVersion "1"]
[SourceVersionDate "1996.04.01"]
[SourceQuality "1"]

1. d4 e6 2. c4 b6 3. e4 (3. g3 $6 Bb7 4. Nf3 Bb4+ 5. Bd2 Bxf3 6. exf3 Bxd2+ 7.
Nxd2 Nf6 8. f4 Nc6 9. Nf3 Ne7 10. Bg2 O-O 11. O-O c6 12. Rc1 Rb8 13. Ne5 Rc8
14. Qe2 d6 15. Nf3 Qc7 16. Bh3 Rfe8 17. Rc3 Rcd8 18. Rfc1 g6 19. Qc2 c5 20. Rd1
Nc6 21. Re3 d5 22. dxc5 bxc5 23. cxd5 Nxd5 24. Ree1 Ncb4 $15 {Yermolinsky,
A-Speelman,J/Hastings/1996/}) 3... Bb7 4. Nc3 Bb4 5. f3 f5 (5... Qh4+ $5 6. g3
Qh5 (6... Bxc3+ 7. bxc3 Qh5 8. Nh3 f5 9. Nf4 Qf7 10. Bd3 Ne7 11. O-O Nbc6 12.
Qe2 O-O 13. Ba3 Rfe8 14. c5 Na5 15. Rae1 Nec6 16. Rf2 Rad8 17. e5 Ne7 18. g4
Kh8 19. h4 Nac6 20. h5 g5 21. hxg6 Nxg6 22. Nxg6+ Qxg6 23. Rg2 $40 {Zilberman,
N-Bricard,E/Manila olm/1992/}) 7. Bd2 f5 8. exf5 Qxf5 9. Nb5 Bxd2+ 10. Qxd2 Na6
11. O-O-O Ne7 12. Bd3 Qf6 13. Nh3 Qxf3 14. Ng5 Qh5 15. Rhf1 h6 16. Nf7 O-O 17.
g4 Qh4 18. Qc2 Nf5 19. gxf5 Nb4 20. Qd2 Nxd3+ 21. Qxd3 Rxf7 22. fxe6 Rxf1 23.
Rxf1 dxe6 $132 {Ree,H-Miles,A/Amsterdam IBM/1978/}) 6. exf5 Nh6 (6... exf5 7.
Nge2 (7. Bf4 $5 Nf6 8. Bd3 $14) 7... Qh4+ 8. g3 Qh5 9. Bg2 Bxf3 10. Nf4 Bxd1
11. Nxh5 Bxh5 12. Bxa8 c6 13. Bf4 d6 14. d5 Kd7 15. O-O Bxc3 16. bxc3 Be2 17.
dxc6+ Nxc6 18. Rfe1 Bxc4 19. Rad1 d5 20. Bxc6+ Kxc6 21. Re8 $18 {
Azmayparashvili,Z-Yewdokimov,O/St.Barbara/1992/}) 7. fxe6 (7. Bxh6 Qh4+ 8. g3
Qxh6 9. Qd2 $5 (9. Qd3 O-O 10. Nge2 Rxf5 11. Bg2 Nc6 12. O-O Ne7 13. Rae1 Raf8
14. a3 Bxc3 15. Nxc3 Rh5 16. h4 g5 17. hxg5 Rxg5 18. f4 Bxg2 19. Kxg2 Rg7 20.
Ne2 Ng6 21. Qe4 Nh4+ 22. Kf2 Nf5 23. Rg1 Kh8 24. Rg2 c5 $15 {Lanchava,
T-Grabuzov,S/Pardubice op/1993/}) 9... Bxc3 10. bxc3 Qxd2+ 11. Kxd2 exf5 12.
Re1+ Kf7 13. Bd3 g6 14. Nh3 Nc6 15. g4 fxg4 16. fxg4 Rae8 17. Rhf1+ Kg7 18. Nf4
Na5 19. Nd5 Bxd5 20. cxd5 c6 21. dxc6 dxc6 22. g5 Nb7 23. Be4 $36 {[%csl Ge4,
Rb7] _|_פb7,Sokolov,An-Litus,V/Moscow VDFSO/1992/}) (7. a3 Bxc3+ 8. bxc3 Nxf5
9. Nh3 Qh4+ 10. g3 Qf6 11. Bd3 Nc6 12. O-O O-O 13. Ra2 Na5 14. Ng5 h6 15. Ne4
Qf7 16. Re2 Ba6 17. c5 Bxd3 18. Qxd3 d5 19. cxd6 cxd6 20. g4 Nh4 21. f4 d5 22.
Ng3 Rae8 23. f5 exf5 24. gxf5 $40 {[%csl Rh4] פh4,Neverov,V-Lempert,I/St.
Petersburg op/1993/}) 7... Nf5 (7... O-O 8. Be3 (8. Nh3 $2 Qh4+ 9. Nf2 Ng4 $1
10. Qc2 Nc6 11. Qd2 Rae8 12. d5 Bc5 13. Nce4 Nxf2 14. Nxc5 Nxh1+ 15. g3 Nxg3
16. hxg3 Qxg3+ 17. Qf2 Qxf2+ 18. Kxf2 bxc5 19. exd7 Rd8 20. dxc6 Bxc6 $19 {
Arbakov,V-Mihalko,J/Budapest Festival/1991/}) (8. Bxh6 Qh4+ 9. Kd2 Qxh6+ 10.
Kc2 dxe6 11. Qd2 Qxd2+ 12. Kxd2 Nc6 13. Nge2 Rad8 14. Kc2 Nxd4+ 15. Nxd4 Rxd4
16. Bd3 a6 17. Rad1 Rfd8 18. Ne2 R4d6 19. Ng3 a5 20. a3 Bc5 21. Ne4 Bxe4 22.
Bxe4 Rxd1 {1/2/Stanke,J-David,Ad/2.BLN 9394/1994/}) 8... Nf5 9. Qd2 dxe6 10.
Bd3 Nc6 11. Nge2 Nxe3 12. Qxe3 Qh4+ 13. Qf2 Qh6 14. a3 Be7 15. Ne4 Rad8 16. Rd1
Rd7 17. O-O Rfd8 18. Bc2 Na5 19. Ba4 $1 $16 {Kristensen,K-Andersen,I/
Copenhagen OBRO/1993/}) 8. Bf4 $1 (8. exd7+ $6 Nxd7 9. Bf4 Qh4+ 10. g3 Qe7+ 11.
Be2 g5 12. Qd3 Rf8 13. Bd2 O-O-O 14. O-O-O Ne5 15. Qb1 Nxd4 16. Nd5 Rxd5 {
0-1/Hager,F-Lempert,I/DataGeneral 5'/1992/}) (8. g3 dxe6 9. a3 Be7 10. d5 Bf6
11. Bd3 Bxc3+ 12. bxc3 Qf6 13. Ne2 exd5 14. cxd5 Bxd5 15. O-O O-O 16. Be4 Bc6
17. Bf4 Na6 18. Nd4 Bxe4 19. fxe4 Ne7 20. Qe2 Nc5 21. Bxc7 Qg6 22. e5 Ne4 $44 {
Sergeev,V-Muhutdinov,M/St.Petersburg op/1993/}) (8. Nge2 O-O (8... dxe6 9. Qa4+
Nc6 10. Bd2 O-O 11. O-O-O Nfxd4 12. Nxd4 Qxd4 13. Qc2 Qh4 14. Qe4 Qh5 15. Qxe6+
Kh8 16. Qd5 Rf5 17. Qd3 Rd8 18. Nd5 Qf7 19. Be2 Ba6 20. Bxb4 Rfxd5 21. Qxd5
Rxd5 22. Rxd5 $16 {Stone,R-Hergott,D/CAN-ch/1995/}) 9. Qd3 (9. Qb3 c5 10. exd7
Nxd7 11. d5 Ne5 12. Nf4 Qh4+ 13. Kd1 Nd4 14. Qa4 Rxf4 15. g3 Qh5 16. Bxf4 Qxf3+
17. Kd2 Qxh1 18. Rd1 Qxh2+ 19. Kc1 Ng6 {0-1/Ree,H-Morozevich,A/Tilburg/1994/})
(9. Bf4 dxe6 10. Qd2 Qh4+ 11. Ng3 Bd6 (11... Nc6 12. O-O-O e5 13. Bg5 Qxd4 14.
Qc2 Ne3 15. Rxd4 Nxc2 16. Rd7 N2d4 17. Rxc7 Na5 18. Be7 Rf7 19. Rxb7 Bxe7 20.
Rxe7 Rxe7 21. Bd3 Rc8 22. b3 b5 23. Nf5 Rd7 24. Nd5 $44 {Harasta-Prie,E/
Cappelle op/1989/}) 12. Bxd6 cxd6 13. Nce2 Nc6 14. O-O-O Ncxd4 15. Nxd4 Nxg3
16. hxg3 Qxh1 17. Nxe6 Rf6 18. Nf4 Qh6 19. Re1 Qg5 20. Bd3 Raf8 21. Kc2 Rh6 22.
Qf2 Bc8 $15 {Panno,O-Miles,A/Buenos Aires Clarin/1979/}) 9... Qh4+ 10. Kd1 dxe6
11. Kc2 Nc6 12. d5 Ncd4+ 13. Kb1 Rae8 14. g3 Nxg3 $1 15. Nxg3 Rxf3 16. Qe4
Qxe4+ 17. Ngxe4 exd5 18. Nd2 Rf2 19. a3 Bxc3 20. bxc3 Ne2 21. Bxe2 Rexe2 22.
Ra2 d4 23. Rf1 Rxf1 24. Nxf1 Be4+ 25. Ka1 Re1 {0-1/Gislason,G-Budnikov,A/
Reykjavik op/1994/}) 8... O-O $6 $146 {An unfortunate novelty, which gives
White time to evacuate his K from the centre and also protect the Pd4
sufficiently. Black's subsequent attempts to complicate only shorten the game
drastically.} (8... Qh4+ 9. g3 Qf6 10. exd7+ Nxd7 11. a3 $1 Bxc3+ 12. bxc3
O-O-O 13. Bd3 $16) (8... dxe6 $142 9. Qa4+ Nc6 10. O-O-O $5 (10. d5 exd5 11.
O-O-O Bxc3 12. cxd5 Qf6 13. dxc6 Bxb2+ 14. Kb1 Bc8 (14... Bxc6 15. Bb5 Ne7 16.
Bxc6+ Nxc6 17. Nh3 Kf8 18. Rhe1 Bc3 19. Re4 b5 20. Qb3 Na5 21. Qd5 Qc6 22. Bxc7
Qxd5 23. Rxd5 Nc4 24. Bd6+ $14 {Josephsen,N-Nielsen,L/DEN-chB/1992/}) 15. Bxc7
Ba1 16. Qa3 Be6 17. f4 Ne3 18. Be5 Bxe5 19. fxe5 Qxe5 20. Nf3 Bf5+ 21. Bd3 Qb5+
22. Ka1 Bxd3 23. Qxd3 Qxd3 24. Rxd3 $18 {->,Lev,R-Kengis,E/London Lloyds/1991/}
) 10... Nfxd4 11. Nh3 O-O 12. Kb1 e5 13. Be3 a6 14. Rd2 Qc8 15. Bd3 Bxc3 16.
bxc3 Nxf3 17. Rf2 Ne7 18. Qc2 h6 19. Bh7+ Kh8 20. Be4 Bxe4 21. Qxe4 Ng5 22.
Nxg5 hxg5 23. Rhf1 Rxf2 24. Rxf2 Qe8 25. Kb2 $14 {Conquest,S-Plaskett,J/
Hastings II/1987/}) 9. Qd2 dxe6 (9... Qh4+ 10. g3 Qf6 11. O-O-O $16) 10. O-O-O
Nc6 11. d5 $16 Na5 (11... exd5 12. Qxd5+ Qxd5 13. Nxd5 $18) 12. Nh3 $1 (12.
dxe6 Qf6 $14) 12... Qe8 (12... Qf6 $142 13. Ng5 exd5 14. cxd5 $16) (12... Ba6
13. Qc2 $5 {[%cal Ya2a3,Rd5e6] /\a3,de6}) 13. Re1 Bxc3 14. Qxc3 Qa4 15. b4 $1
$18 Qxa2 $8 16. bxa5 exd5 (16... bxa5 17. Bd3 $18) 17. Bd3 d4 18. Qb2 Qa4 (
18... Qxa5 19. Re5) 19. Ng5 bxa5 20. Ne6 (20. Qxb7 $5 {[%cal Rb7d5] /\Qd5+-})
20... Rfb8 21. Nc5 Qc6 22. Qb5 $1 Qxb5 (22... Qf6 23. Nd7 $18) (22... Qg6 23.
Nxb7 $18) (22... Qxb5 23. cxb5 Nd6 24. Re7 $18 {->}) 1-0

[Event "Hastings 9596"]
[Site "Hastings"]
[Date "1996.??.??"]
[Round "9"]
[White "Sadler, Matthew D"]
[Black "Conquest, Stuart"]
[Result "0-1"]
[WhiteElo "2565"]
[BlackElo "2455"]
[Annotator "Stohl,I"]
[PlyCount "76"]
[EventDate "1995.12.??"]
[EventType "tourn"]
[EventRounds "9"]
[EventCountry "ENG"]
[EventCategory "13"]
[SourceTitle "CBM 051"]
[Source "ChessBase"]
[SourceDate "1996.04.01"]
[SourceVersion "1"]
[SourceVersionDate "1996.04.01"]
[SourceQuality "1"]

1. d4 e6 2. c4 Bb4+ 3. Bd2 a5 4. Nf3 (4. Nc3 Nf6 5. e4 $5 d6 6. Bd3 c5 7. d5
Bxc3 8. Bxc3 exd5 9. exd5 O-O 10. Ne2 Nbd7 11. O-O Re8 12. Ng3 (12. b3 $5 $14 {
[%csl Gc3,Gd3] ^^}) 12... Ne5 13. Bc2 $2 Nxc4 14. Bxf6 Qxf6 15. Qd3 Qh4 16. f4
b5 17. a4 Bd7 18. axb5 Ne3 19. Rfe1 Nxc2 20. Qxc2 Qxf4 $17 {Sokolov,I-Adams,M/
Wijk/1996/}) 4... d6 5. g3 Nc6 6. Bg2 e5 7. d5 (7. a3 Bxd2+ 8. Qxd2 Bg4 9. dxe5
dxe5 10. O-O Qxd2 11. Nbxd2 Bxf3 12. Nxf3 a4 13. Rab1 f6 14. b4 axb3 15. Rxb3
Na5 16. Rb4 Ne7 $15 {Grunin,A-Gavrilov,A/Pardubice op/1994/}) 7... Bxd2+ (7...
Nce7 8. Bxb4 $1 (8. O-O Nf6 (8... Bxd2 9. Qxd2 Nf6 10. Nc3 Bg4 11. Ne1 O-O 12.
Nd3 c6 13. dxc6 Nxc6 14. h3 Be6 15. b3 Qb6 16. Rfd1 Rfd8 17. Nb2 Nd4 18. e3 Nf5
19. Nba4 Qc7 20. Nb5 Qb8 21. Rac1 Ne8 22. Nb6 Ra6 23. Nd5 Kf8 24. Kh2 $16 {
Magerramov,E-Osnos,V/Rostov op/1993/}) 9. Ne1 Bc5 10. Nd3 Ba7 11. Nc3 h5 12. h3
e4 13. Nxe4 Nxe4 14. Bxe4 Bxh3 15. Bg2 Qd7 16. Nf4 Bxg2 17. Kxg2 h4 18. Rh1
O-O-O 19. e4 hxg3 20. fxg3 Rxh1 21. Qxh1 g5 22. Nd3 Ng6 23. Qf1 Re8 $15 {
Lautier,J-Motwani,P/Novi Sad olm/1990/}) 8... axb4 9. Nbd2 Nf6 10. O-O O-O 11.
Ne1 c6 12. dxc6 bxc6 13. Nd3 Rb8 14. c5 Ba6 15. cxd6 Qxd6 16. Nb3 Rfd8 17. Ndc5
Qxd1 18. Rfxd1 Rxd1+ 19. Rxd1 Bxe2 20. Re1 Bc4 21. Rxe5 Kf8 22. Re1 Ra8 23. Ra1
Ned5 24. a3 $14 {Portisch,L-Kortschnoj,V/Skelleftea WCup/1989/}) 8. Nfxd2 (8.
Nbxd2 Nb8 9. O-O Nh6 10. e4 O-O 11. b3 Na6 12. a3 Bd7 13. Ne1 c6 14. Nc2 cxd5
15. cxd5 Nc5 16. Ne3 f5 17. b4 axb4 18. axb4 Rxa1 19. Qxa1 Na6 20. exf5 Nxf5
21. Nxf5 Bxf5 22. Qa3 Nc7 23. Be4 Nb5 24. Qa5 Qd7 25. Bxf5 Rxf5 26. Qa4 Rf7 $10
{Meduna,E-Eingorn,V/Haifa ETC/1989/}) (8. Qxd2 Nb8 9. Nc3 Nh6 10. O-O Na6 11.
Ne1 O-O 12. f4 exf4 13. gxf4 f5 14. Nd3 Bd7 15. Rae1 Qf6 16. e3 b6 17. b3 Kh8
18. Ne2 Nc5 19. Nxc5 bxc5 20. a4 Rfb8 21. Nc1 Re8 22. Re2 Ng8 23. Na2 $13 {
1/2/Pinter,J-Eingorn,V/Dortmund/1988/}) 8... Nb8 $1 {On e7 the Knight's
perspectives are limited, from b8 it heads for the importsant c5-square.} (8...
Nce7 9. Nc3 f5 10. f4 $5 exf4 11. gxf4 Ng6 12. e3 Qh4+ 13. Kf1 Nh6 14. Nf3 Qe7
15. Qd4 Ng4 16. Re1 O-O 17. h4 h5 18. Ng5 Bd7 19. Bf3 Rae8 20. Kg2 Qf6 21. Qxf6
gxf6 22. Ne6 Bxe6 23. dxe6 c6 24. Bxg4 hxg4 25. Ne2 $1 $40 {Vladimirov,E-Prie,
E/Leon/1991/}) 9. Nc3 Nd7 (9... Nh6 10. a3 (10. c5 dxc5 11. Na4 Nd7 12. Ne4 b6
13. d6 c6 14. Nd2 Bb7 15. Bh3 Bc8 16. Bg2 O-O 17. Bxc6 Rb8 18. Nc3 Nf5 19. Nc4
Nd4 20. Bg2 Ba6 21. Ne3 Nf6 22. a4 Qxd6 $17 {Gual-Illescas/Alicante op/1989/})
10... O-O 11. b4 f5 12. Rc1 Na6 13. Qb3 e4 14. O-O axb4 15. axb4 c5 (15... Nf7
$5 $132) 16. dxc6 bxc6 17. b5 Nc5 18. Qb4 Qb6 19. Nb3 Nxb3 20. Qxb3 $14 {
Shirov,A-Romero Holmes,A/Leon/1995/}) 10. a3 f5 11. b4 Nh6 (11... Ngf6 $5 12.
Nb3 axb4 13. axb4 Rxa1 14. Qxa1 O-O $13) 12. O-O O-O 13. Rc1 (13. Nb3 $142 $5
axb4 (13... b6 14. bxa5 bxa5 15. c5 $36) 14. axb4 Rxa1 15. Qxa1 $14 {[%cal
Ya1a5,Yc3b5] /\Qa5,Nb5|^<<}) 13... b6 {A typical King's Indian situation. But
there are two important differences-Black has managed to exchange his bad
dark-squared B, on the other hand with the P on e2 and f2 it is harder for him
to find targets on the King-side.} (13... Nf7 14. Nb3 (14. c5 dxc5 15. bxc5
Nxc5 16. Nb5 Na6 17. Nc4 Bd7 $15) 14... axb4 15. axb4 $13) 14. Nb5 Ba6 15. Qc2
(15. bxa5 $2 Bxb5 16. cxb5 Rxa5 $17 {[%csl Ra3][%cal Yd7c5] ><a3,/\Nc5}) 15...
Rf7 16. bxa5 bxa5 $8 (16... Bxb5 17. cxb5 Rxa5 18. Qxc7 Qxc7 19. Rxc7 Rxb5 (
19... Rxa3 20. Nc4 Rc3 21. Rc6 $16) 20. Nc4 Rc5 21. Rxc5 bxc5 22. a4 $36 {
[%csl Ga4] o^a}) 17. a4 (17. Nb3 $6 a4 18. Nd2 Nc5 $15) 17... g5 18. Nb3 f4 $5
19. Qd2 g4 20. Rc2 (20. Nxa5 Nc5 21. Nc6 Qf6 22. Qc2 Bc8 $5 $44 {[%csl Rg2]
[%cal Rc8f5,Rf4f3] |^/\Bf5,f3,ץg2}) (20. Qxa5 $2 Bxb5 21. Qxb5 Rb8 $19) 20...
Kh8 (20... f3 $2 21. exf3 gxf3 22. Bh3 $16) 21. e4 $2 {[%csl Rg2] ץg2 A
horrible move, which buries White's B and K for life.} (21. Nxa5 Nc5 22. Nc6
Qf6 23. a5 $13) (21. Rb1 $5 $132) 21... Rf6 22. Nxa5 (22. f3 $142 $5) 22...
Bxb5 $2 {This gives White play on the c-file. Black should have waited with
this exchange, there was no hurry.} (22... f3 $142 $17 {()}) 23. cxb5 (23. axb5
f3 $17) 23... f3 24. Bh1 Nf7 25. Nb7 (25. Nc6 Qg8 26. a5 Ng5 27. Re1 $17) 25...
Qb8 26. Rfc1 $1 Rxa4 (26... Qxb7 27. Rxc7 Qb8 (27... Qb6 28. Rxd7 Rxa4 29. Rc8+
Kg7 30. Qg5+ Rg6 31. Rxf7+ Kxf7 32. Qf5+ $18) 28. Rxd7 Rxa4 29. b6 $1 $18) 27.
Rxc7 Nb6 {[%csl Rg1,Rh1] עg1,Bh1} 28. Na5 $2 (28. Qc2 $142 $1 {[%cal Rc2c6] /
\Qc6 This threat is surprisingly strong and despite being practically a piece
up, it's very difficult to find a defence for Black.} Rc4 $2 29. Rxc4 Nxc4 30.
Qxc4 Qxb7 31. Qc8+ $1 Qxc8 32. Rxc8+ Kg7 33. b6 $18) (28. Qe3 Rd4 {[%cal Rb8c7]
/\Qc7!}) 28... Qa8 29. R7c6 (29. Nc6 Ra1 $40) 29... Qa7 $6 (29... Qxa5 $1 30.
Qxa5 Rxa5 31. Rxb6 Ng5 $19) 30. Qe3 (30. Nb3 $142 Ra3 $5 (30... Ra2 31. Qe3)
31. Qe3 Qa4 $40) 30... Qxa5 31. Rxb6 (31. Qxb6 Qxb6 32. Rxb6 Ng5 $19 {-29...
Qa5!}) 31... Ra3 32. Rb8+ $8 Kg7 33. Qe1 Qa7 34. Rbc8 Ra2 $19 35. R8c6 (35.
R8c4 Qb6 {[%cal Rf7g5,Yb6b5] /\Qb5,Ng5}) 35... Qd4 36. b6 $6 (36. Qe3 Qxe3 37.
fxe3 Ng5 38. R6c2 Rxc2 39. Rxc2 Nxe4 40. b6 Nc5 $19 {ץh1}) 36... Ng5 37. R1c2
Nh3+ 38. Kf1 Qd3+ 0-1